000 00730nam a2200217Ia 4500
003 GCL
008 140319s9999 xx 000 0 ara d
020 _a5601213977
040 _aGCL /
_cGCL
082 0 4 _a274.8843
_bل ك
100 1 _aادوارد وديع عبدالمسيح
245 1 0 _aكل نساء الكتاب المقدس /
_cادوارد وديع عبدالمسيح
700 1 _aلوكير، هربرت
250 _aالثانية
260 _aالقاهرة :
_bدار الثقافة ،
_c2002
300 _a393 ص ؛
_c24 سم
650 0 4 _aالمرأة فى الحياة العامة
650 0 4 _aالمرأة - رعاية اجتماعية
650 0 4 _aالمرأة المسيحية
942 _2ddc
_cBK
999 _c4814
_d4814